书目信息 |
| 题名: |
雕塑入门
|
|
| 作者: | 石向东 著 | |
| 分册: | ||
| 出版信息: | 南宁 广西美术出版社 1998.5 |
|
| 页数: | 48页 | |
| 开本: | 26cm | |
| 丛书名: | 美术基础入门画库;第二辑 | |
| 单 册: | ||
| 中图分类: | J311 | |
| 科图分类: | ||
| 主题词: | 雕塑--(技术)美术 | |
| 电子资源: | ||
| ISBN: | 7-80625-493-5 | |
| 000 | 00575nam0 2200217 45 | |
| 001 | 0003061591 | |
| 005 | 20040521085436.1 | |
| 010 | @a7-80625-493-5@dCNY12.00 | |
| 100 | @a20000306d1998 km y0chiy0120 ea | |
| 101 | @achi | |
| 105 | @a z 000yy | |
| 200 | 1 | @a雕塑入门@f石向东著 |
| 210 | @a南宁@c广西美术出版社@d1998.5 | |
| 215 | @a48页@d26cm | |
| 225 | @a美术基础入门画库;第二辑 | |
| 410 | @12001 @a美术基础入门画库;第二辑 | |
| 606 | 0 | @a雕塑@x(技术)美术 |
| 690 | @aJ311@v1 | |
| 701 | @a石向东@4著 | |
| 801 | @aCN@bTSTC@c20000306 | |
| 905 | @dJ311@e7@f5@b285511-515 | |
| 雕塑入门/石向东著.-南宁:广西美术出版社,1998.5 |
| 48页;26cm.-(美术基础入门画库;第二辑) |
| ISBN 7-80625-493-5:CNY12.00 |
| ● |
| 相关链接 |
|
|
|
|
正题名:雕塑入门
索取号:J311/7
 
预约/预借
| 序号 | 登录号 | 条形码 | 馆藏地/架位号 | 状态 | 备注 |
| 1 | 0285511 | 002855119 | 第一借阅区/ [索取号:J311/7] | 在馆 | |
| 2 | 0285512 | 002855128 | 第一样本阅览室/ [索取号:J311/7] | 在馆 | |
| 3 | 0285513 | 002855137 | 第一借阅区/ [索取号:J311/7] | 在馆 | |
| 4 | 0285514 | 002855146 | 第一借阅区/ [索取号:J311/7] | 在馆 | |
| 5 | 0285515 | 002855155 | 第一借阅区/ [索取号:J311/7] | 在馆 |